Poezya legionów : (Rekord nr 27792)
| 000 -Nagłówek | |
|---|---|
| fixed length control field | 01769cam a2200421 i 4500 |
| 001 - Nr kontrolny bibl., która utworzyła rek. | |
| control field | zz2003850555 |
| 003 - Siglum bibl., której nr kontr. jest w 001 | |
| control field | NUKAT |
| 005 - Data i czas ostatniej operacji | |
| control field | 20260426201350.0 |
| 008 - Elementy pola stałej długości | |
| fixed length control field | 030725s1912 pl |001 0 pol c |
| 035 ## - Systemowy numer kontrolny | |
| systemowy numer kontrolny | (OCoLC)891295975 |
| 035 ## - Systemowy numer kontrolny | |
| systemowy numer kontrolny | (NUKAT)zz2003850555 |
| 040 ## - Instytucja sporządzająca opis | |
| Instytucja, która sporządziła opis | LUBL M/mm |
| język katalgowania-trzyzn. kod | pol |
| zasady opisu | rda |
| Instytucja, która sporządziła rekord | LUBL M/mm |
| Instytucja, która zmodyfikowała rekord | LUBL M/AS |
| -- | KIEL 010/HLs |
| -- | LUBL KUL/KS |
| 100 1# - Hasło główne-nazwa osobowa | |
| Nazwa osobowa | Smolarski, Mieczysław |
| Daty biograficzne | (1888-1967). |
| rodzaj współpracy | Autor |
| 9 (RLIN) | 40606 |
| 245 10 - Tytuł właściwy i oznaczenie odpow. | |
| tytuł | Poezya legionów : |
| dodatek do tytułu | czasy, pieśń i jej dzieje / |
| dod. inf. ze s. tyt./ozn. odpow. | Mieczysław Smolarski. |
| 246 3# - Inne formy tytułu, wariant tytułu | |
| tytuł | Poezja legionów |
| 260 ## - Adres wydawniczy | |
| miejsce wydania, dystrybucji itp. | Kraków : |
| nazwa wydawcy, dystrybutora itp. | nakładem Akademii Umiejętności : |
| -- | skład główny w Księgarni Spółki Wydawniczej Polskiej, |
| data wydania, dystrybucji itp. | 1912 |
| miejsce druku | (Kraków : |
| nazwa drukarni | Druk. Uniwersytetu Jagiellońskiego pod zarządem J. Filipowskiego). |
| 300 ## - Opis fizyczny | |
| objętość i/lub forma materiału | [4], 191 stron ; |
| format | 22 cm. |
| 336 ## - Content Type | |
| Term | Tekst |
| Code | txt |
| Source | rdacontent |
| 337 ## - Media Type | |
| Term | Bez urządzenia pośredniczącego |
| Code | n |
| Source | rdamedia |
| 338 ## - Carrier Type | |
| Term | Wolumin |
| Code | nc |
| Source | rdacarrier |
| 380 ## - Form of work | |
| Form of work | Książki |
| 504 ## - Uwaga o bibliografii | |
| uwaga o bibliografii | Bibliografia na stronach 183-186. |
| 504 ## - Uwaga o bibliografii | |
| uwaga o bibliografii | Indeks. |
| 610 27 - Hasło przedmiotowe-nazwa ciała zbior. | |
| nazwa ciała zbior. lub geogr. | Legiony Polskie (1797-1801) |
| źródło hasła | DBN |
| 9 (RLIN) | 40316 |
| 610 27 - Hasło przedmiotowe-nazwa ciała zbior. | |
| nazwa ciała zbior. lub geogr. | Legiony Polskie we Włoszech |
| określnik rzeczowy | w literaturze. |
| źródło hasła | kaba |
| 9 (RLIN) | 40603 |
| 648 #7 - SUBJECT ADDED ENTRY--CHRONOLOGICAL TERM | |
| Chronological term | 1701-1800 |
| Source of heading or term | DBN |
| 9 (RLIN) | 36035 |
| 648 #7 - SUBJECT ADDED ENTRY--CHRONOLOGICAL TERM | |
| Chronological term | 1801-1900 |
| Source of heading or term | DBN |
| 9 (RLIN) | 36037 |
| 650 #7 - Hasło przedmiotowe-nazwa pospolita | |
| nazwa pospolita lub geogr. | Literatura polska |
| źródło hasła | DBN |
| 9 (RLIN) | 34964 |
| 650 #7 - Hasło przedmiotowe-nazwa pospolita | |
| nazwa pospolita lub geogr. | Poezja |
| źródło hasła | DBN |
| 9 (RLIN) | 35755 |
| 650 #7 - Hasło przedmiotowe-nazwa pospolita | |
| nazwa pospolita lub geogr. | Tematy i motywy |
| źródło hasła | DBN |
| 9 (RLIN) | 35389 |
| 650 #7 - Hasło przedmiotowe-nazwa pospolita | |
| nazwa pospolita lub geogr. | Poezja polska |
| określnik chronologiczny | 18 w. |
| określnik rzeczowy | tematy, motywy. |
| źródło hasła | kaba |
| 9 (RLIN) | 40604 |
| 650 #7 - Hasło przedmiotowe-nazwa pospolita | |
| nazwa pospolita lub geogr. | Poezja polska |
| określnik chronologiczny | 19 w. |
| określnik rzeczowy | tematy, motywy. |
| źródło hasła | kaba |
| 9 (RLIN) | 40605 |
| 658 ## - Nazwa określająca cel programu nauczania | |
| główny cel programu nauczania | Literaturoznawstwo |
| 710 2# - Hasło dodatkowe - nazwa ciała zbior. | |
| nazwa ciała zbior. lub nazwa geogr. | Akademia Umiejętności (Kraków). |
| rodzaj współpracy | Nakładca |
| kod rodzaju współpracy | pbl |
| 9 (RLIN) | 563 |
| 710 2# - Hasło dodatkowe - nazwa ciała zbior. | |
| nazwa ciała zbior. lub nazwa geogr. | Spółka Wydawnicza Polska (Kraków). |
| rodzaj współpracy | Dystrybucja |
| kod rodzaju współpracy | dst |
| 9 (RLIN) | 1041 |
| 710 2# - Hasło dodatkowe - nazwa ciała zbior. | |
| nazwa ciała zbior. lub nazwa geogr. | Drukarnia Uniwersytetu Jagiellońskiego. |
| rodzaj współpracy | Druk |
| kod rodzaju współpracy | prt |
| 9 (RLIN) | 536 |
| 942 ## - ADDED ENTRY ELEMENTS (KOHA) | |
| Source of classification or shelving scheme | Dewey Decimal Classification |
| Koha item type | pozycje dostępne na miejscu |
| Status wycofania | Status zagubienia | Klasyfikacja | Status uszkodzenia | Blokada wypożyczeń | Kolekcja | Lokalizacja macierzysta | Lokalizacja bieżąca | Data nabycia | Numer akcesji | Źródło akcesji | Nr inwentarzowy | il. wypożyczeń | Sygnatura | Kod kreskowy | Date last seen | Price effective from | Typ egz. |
|---|---|---|---|---|---|---|---|---|---|---|---|---|---|---|---|---|---|
| Dewey Decimal Classification | nieuszkodzona | Pracownia Badań Księgozbiorów Historycznych | Biblioteka Instytutu Północnego w Olsztynie | Pracownia Badań Księgozbiorów Historycznych | 26/04/2026 | K-66/1965 | kupno | 16383 | 16383 | IPWK16698 | 26/04/2026 | 26/04/2026 | pozycje dostępne na miejscu |